000 00423nam a2200157Ia 4500
005 20250508164309.0
008 008 250505s9999 xx 000 0 eng d
037 _aPeriodicals
040 _aFEDL
_beng
_cFEDL
041 _aeng
_2eng
084 _qFEDL
245 0 _aSociological bulletin: Journal of the Indian Sociological Society
546 _aThrice a year from V.53
942 _cCR
999 _c1388206
_d1388206